000 00525nam a2200157 i 4500
001 99320
003 ES-MaACL
007 t|
008 050906s1955 sp ||||1| spa d
100 1 _aMartín Sánchez, Benjamín.
_977643
245 1 0 _aPensamientos bíblicos acerca de los cien temas de las meditaciones /
_csugerencias bíblicas del Dr. D. Benjamín Martín Sánchez.
250 _a1ª ed.
260 _aMadrid :
_bHijos de Gregorio del Amo,
_c1955.
300 _a169 p. ;
_c15 cm.
852 _aES-MaACL
_jC-9367
_bR.37449
999 _c99320
_d99320